000 00382pab a2200157 454500
008 180718b2007 xxu||||| |||| 00| 0 eng d
100 _aNiraj Kumar
245 _aSocial change through Mahila Samakhya: process and outcome
260 _c2007
300 _ap.28-41.
362 _aJul-Sep
650 _aSocial change
773 _aIASSI Quarterly
908 _aN
909 _a81234
999 _c81234
_d81234